00000000nam 2200000zi 4500
0019.947241
003CaOODSP
00520250129095337
006m     o  d f      
007cr cn|||||||||
008250122t20052005qucabd  ob   f000 0 eng d
020 |z066239643X
040 |aCaOODSP|beng|erda|cCaOODSP
043 |an-cn---|an-us---
0861 |aEn57-52/128bE-PDF|zEn56-195/2005E
1001 |aDoyon, Bernard,|d1963- |eauthor.
24510|aAssessment of flood damage : |bimpact functions for the Lower St. Lawrence - Revised version / |cBernard Doyon, Sylvain Martin, Alexandre Morin, Nicolas Roy and Étienne Dallaire.
264 1|aSainte-Foy : |bEnvironment Canada, |c2005.
264 4|c©2005
300 |a1 online resource (vii, 30 pages, 77 unnumbered pages) : |billustrations, maps, graphs.
336 |atext|btxt|2rdacontent
337 |acomputer|bc|2rdamedia
338 |aonline resource|bcr|2rdacarrier
4901 |aTechnical report MSC Québec - Hydrology ; |vRT-128-b
500 |a"March 2005."
500 |aCover title.
500 |aThe catalogue number (En56-195/2005E) and ISBN (066239643X) for the print edition have been copied in this electronic publication.
500 |aDigitized edition from print [produced by Environment and Climate Change Canada].
500 |a"Prepared for the Coastal Processes Technical Working Group (CPTWG) of the International Lake Ontario - St. Lawrence River Study Board (International Joint Commission."
504 |aIncludes bibliographical references (page 29).
520 |a"This report describes the equations that will be used to assess the damage due to flooding on properties bordering the Lower St. Lawrence. This document is a revised version of the RT-128 report, previously issued. While the main text of the previous report has been updated, all the impact functions showed in the Appendix have been revised, based on the data collected from recent field campaigns"--Introduction, page [1].
650 0|aFlood damage|zSaint Lawrence River|xMeasurement.
650 0|aFlood damage|zSaint Lawrence River|xMathematical models.
650 6|aDommages causés par les inondations|zSaint-Laurent (Fleuve)|xMesure.
650 6|aDommages causés par les inondations|zSaint-Laurent (Fleuve)|xModèles mathématiques.
7102 |aMeteorological Service of Canada.|bQuebec Region.|bHydrology, |eissuing body.
795 |tAssessment of flood damage : |bMarch 2004|w(CaOODSP)9.947336
830#0|aTechnical report MSC Québec - Hydrology ;|vRT-128-b.|w(CaOODSP)9.919991
85640|qPDF|s9.81 MB|uhttps://publications.gc.ca/collections/collection_2025/eccc/en57/En57-52-128b-eng.pdf